• 首页
  • 本馆介绍
  • 公告通知
  • 最新文献
  • 馆藏检索
  • 电子资源
  • 读者导购
  • 参考咨询
  • 我的图书馆
  • 登录
  • 详细信息显示
  • 放入我的书架
  • 预约/预借图书
  • 作者相关作品
  • 分类相关作品
  • 丛书相关作品
  • 出版社相关作品

书目信息

  • 表格格式
  • 工作单格式
  • 卡片格式
题名:
银杏雄株资源多样性分析与评价
    
 
作者: 李卫星, 著
分册:  
出版信息: 长春   吉林大学出版社  2019.08
页数: 232页
开本: 21cm
丛书名:
单 册:
中图分类: S664.302.4
科图分类:
主题词: 银杏--yin xing--种质资源--多样性--研究--中国
电子资源:
ISBN: 978-7-5692-5371-9
000 01059nam0 2200253 450
001 CAL 0120192903886
005 20230217093112.0
010    @a978-7-5692-5371-9@dCNY40.00
100    @a20191128d2019 em y0chiy0120 ea
101 0  @achi
102    @aCN@b220000
105    @aak z 000yy
106    @ar
200 1  @a银杏雄株资源多样性分析与评价@Ayin xing xiong zhu zi yuan duo yang xing fen xi yu ping jia@f李卫星著
210    @a长春@c吉林大学出版社@d2019.08
215    @a232页@c图@d21cm
300    @a本书由扬州大学出版基金资助
314    @a李卫星, 副教授, 硕士生导师。
330    @a本书主要通过选用江苏扬州、泰州、徐州等银杏主要产区的雄株为试材, 采用孢粉学和ISSR分子标记等技术研究银杏雄株资源的多样性, 综合评价了银杏雄株不同类型的聚类关系 ; 利用高效液相色谱 (HPLC) 技术检测雄株叶片和花粉中槲皮素、山奈黄素和异鼠李素三种黄酮苷元和总黄酮含量等。
606 0  @a银杏@Ayin xing@x种质资源@x多样性@x研究@y中国
690    @aS664.302.4@v5
701  0 @a李卫星,@Ali wei xing@f1970-@4著
801  0 @aCN@bBJXHZP@c20230228
905    @b1389021-4@dS664.302.4@e719@f4
    
    银杏雄株资源多样性分析与评价/李卫星著.-长春:吉林大学出版社,2019.08
    232页:图;21cm
    本书由扬州大学出版基金资助
    
    ISBN 978-7-5692-5371-9:CNY40.00
    本书主要通过选用江苏扬州、泰州、徐州等银杏主要产区的雄株为试材, 采用孢粉学和ISSR分子标记等技术研究银杏雄株资源的多样性, 综合评价了银杏雄株不同类型的聚类关系 ; 利用高效液相色谱 (HPLC) 技术检测雄株叶片和花粉中槲皮素、山奈黄素和异鼠李素三种黄酮苷元和总黄酮含量等。
●
相关链接 在E读中查询图书 在五车中查询图书 在当当中查询图书 在豆瓣中查询图书


正题名:银杏雄株资源多样性分析与评价     索取号:S664.302.4/719         预约/预借

序号 登录号 条形码 馆藏地/架位号 状态 备注
1 1389021   213890217   第二样本阅览室/ [索取号:S664.302.4/719] 在馆    
2 1389022   213890226   第三借阅区/ [索取号:S664.302.4/719] 在馆    
3 1389023   213890235   第三借阅区/ [索取号:S664.302.4/719] 在馆    
4 1389024   213890244   第三借阅区/ [索取号:S664.302.4/719] 在馆    
唐山师范学院图书馆 欢迎您!
大连网信软件有限公司© 版权所有